000 00447nam a22001577a 4500
003 OSt
005 20151101155745.0
008 151101b xxu||||| |||| 00| 0 eng d
040 _cRUA
082 _aFOR វន 1991 B116 Or.1
100 _93158
_aវន​ មុនិន្ទ
245 _aផ្សារលក់ឈើអារនៅភ្នំពេញ
260 _aPhnom Penh
_bRUA
_c1991
300 _a71p.
_bill.
_c29cm.
942 _2ddc
_cFOR
999 _c2946
_d2946